[Event "CAN-ch U10"]
[Site "Victoria"]
[Date "2009.07.22"]
[Round "4"]
[White "Hoffner, Noah"]
[Black "Huang, James"]
[Result "1-0"]
[WhiteElo "1156"]
[BlackElo "758"]
[PlyCount "109"]
[EventDate "2009.07.21"]
[EventType "swiss"]
[EventRounds "7"]
[EventCountry "CAN"]
[SourceTitle "EXT 2011"]
[Source "ChessBase"]
[SourceDate "2010.11.26"]
[SourceVersion "1"]
[SourceVersionDate "2010.11.26"]
[SourceQuality "1"]

1. d4 d5 2. c4 e6 3. Nc3 Nf6 4. Bg5 Bb4 5. Qa4+ Nc6 6. Nf3 0-0 7. Qc2 Bxc3+ 8. bxc3 Bd7 9. Rb1 b6 10. e3 dxc4 11. Bxc4 Na5 12. Bd3 g6 13. Be4 c6 14. 0-0 b5 15. Ne5 Bc8 16. Nxc6 Nxc6 17. Bxc6 Rb8 18. Bxb5 a6 19. Bd3 Rxb1 20. Rxb1 Re8 21. e4 h6 22. Bxh6 Ng4 23. Bf4 g5 24. Bd2 Qd6 25. e5 Qd5 26. Be4 Qd8 27. h3 Nh6 28. Rb8 f5 29. Bb7 Qc7 30. Rxc8 Rxc8 31. Bxc8 Qxc8 32. Bxg5 Nf7 33. Bf6 Nh6 34. Qd2 Qf8 35. Bg5 Kh7 36. Bxh6 Qxh6 37. Qxh6+ Kxh6 38. Kf1 Kg5 39. Ke2 Kf4 40. Kd3 a5 41. a4 Kg5 42. c4 Kf4 43. c5 Kg5 44. c6 f4 45. c7 Kf5 46. c8Q f3 47. Qf8+ Kg5 48. Qxf3 Kh6 49. Qc6 Kg5 50. Qxe6 Kh5 51. Qd5 Kg5 52. e6+ Kf4 53. Qa8 Kf5 54. Qxa5+ Kf4 55. Qe5# 1-0

[Event "CAN-ch U10"]
[Site "Victoria"]
[Date "2009.07.22"]
[Round "3"]
[White "Huang, James"]
[Black "Carradice, Lemuel"]
[Result "1-0"]
[WhiteElo "758"]
[BlackElo "961"]
[PlyCount "91"]
[EventDate "2009.07.21"]
[EventType "swiss"]
[EventRounds "7"]
[EventCountry "CAN"]
[SourceTitle "EXT 2011"]
[Source "ChessBase"]
[SourceDate "2010.11.26"]
[SourceVersion "1"]
[SourceVersionDate "2010.11.26"]
[SourceQuality "1"]

1. e4 e6 2. d4 g6 3. Nf3 Nc6 4. Nc3 Nf6 5. Bd3 d5 6. exd5 Nb4 7. 0-0 exd5 8. a3 Bg4 9. axb4 Bxf3 10. Qxf3 Bd6 11. Bg5 Be7 12. Rae1 0-0 13. Bxf6 Bxf6 14. Nxd5 Kg7 15. Nxf6 Qxf6 16. Qxf6+ Kxf6 17. Be4 Rad8 18. c3 Kg7 19. Bxb7 Rd6 20. Bf3 Ra6 21. b5 Rb6 22. c4 c6 23. Bxc6 a6 24. d5 a5 25. Ra1 g5 26. Rxa5 h5 27. Ra6 Rbb8 28. b6 g4 29. b7 h4 30. Ra8 h3 31. gxh3 f5 32. hxg4 f4 33. d6 Rf6 34. Rxb8 Rxd6 35. Rg8+ Kxg8 36. b8Q+ Kh7 37. Qxd6 f3 38. Qf4 Kg7 39. Qxf3 Kh6 40. Qf4+ Kg7 41. Qf5 Kh6 42. Rd1 Kg7 43. Qe6 Kf8 44. Qf6+ Kg8 45. Rd8+ Kh7 46. Be4# 1-0